000 01102nam a22002417a 4500
005 20240530110415.0
008 150302s2010 ua cbdff b 000 0 ara d
017 _a1617/2010
_bمصر . دار الكتب المصرية
020 _a9772088398
040 _aEG-CaGPL
041 0 _aara
082 0 4 _221
_a962.031
_bق/ع ت
100 0 _aعبدالحكيم عبدالغنى محمد قاسم
245 1 0 _aتاريخ البعثات المصرية الى اوروبا :
_bعصر محمد على /
_cتاليف عبدالحكيم عبدالغنى محمد قاسم
260 _aالقاهرة :
_bمكتبة مدبولى ،
_c2010
300 _a742 ص :
_bايض ؛
_c24 سم
490 0 _aصفحات من تاريخ مصر ؛
_v58
504 _aببليوجرافية : ص 729 - 737
650 0 4 _aالامبراطورية العثمانية
651 0 4 _aمصر
_xتاريخ
_yالعصر الحديث
_yعصر محمد على ( 1805 - 1849 )
651 0 4 _aمصر
_xتاريخ
_yالعصر الحديث
_yالاحوال الاقتصادية
_yعصر محمد على ( 1805 - 1849 )
942 _2ddc
_cBK
999 _c60531
_d60531